The water music (Запис номер 304204)
[ съкратено ]
| 000 -Лидер | |
|---|---|
| Контролно поле с фиксирана дължина | 00963ncm a2200313 c 4500 |
| 003 - Код на организацията, давaща контролен номер | |
| Контролно поле | BLK |
| 005 - Дата и час на последна редакция | |
| Контролно поле | 20241005005459.0 |
| 008 - Елементи от данни с фиксирана дължина | |
| fixed length control field | 180414b bul |a|er|||| |0| c|bulo| |
| 010 ## - Наследен системен номер | |
| LC control number | NOT00001614000 |
| 040 ## - Източник на каталожния запис | |
| Идентификатор на билиотеката - собственик на записа | BLK |
| 041 ## - Код за език | |
| Код за езика на текст/звукозапис или на отделно заглавие | Немски |
| Код за езика КДБФ | Английски |
| Други езици | Английски |
| 080 ## - УДК | |
| Текстов определител УДК | Камерен оркестър |
| УДК код - определител по УДК | 785.16 |
| УДК определител | |
| УДК - код + определител | 785.16 |
| 100 ## - Редна дума - Автор | |
| Автор | Хендел, Георг Фридрих |
| Дати, свързани с автора | 1685 - 1759 |
| R(LIN) | 387450 |
| 139 ## - Редно поле | |
| Редна дума | Хендел, Георг Фридрих |
| Авторски знак | Хен - Х 42 |
| 245 10 - Сведения за заглавието | |
| Заглавие | The water music |
| Редно поле (дума) | * Georg Friedrich Handel; Георг Фридрих Хендел. |
| 246 11 - Различни форми на заглавието | |
| Паралелно заглавие | Музика на водата |
| 254 ## - Сведения за формата на нотното издание | |
| Формат на описваните ноти | Партитура |
| 257 ## - Страна на издаване | |
| Страна на създаване/издаване | Германия |
| 260 ## - Област на издателските данни | |
| -- | London |
| Име на издателя, разпространителя и проч. | Eulenburg 1308 |
| Година на издаване | 1959 |
| 300 ## - Физическа характеристика | |
| Страници | 97 с. |
| Размери/Мащаб | 19 см |
| 380 ## - Жанр | |
| Жанр | Изкуство |
| 700 1# - Други автори (авторска отговорност) | |
| Лично име | Handel, Georg Friedrich |
| Автороска отговорност (Описва отношението между автора и произведението) | * |
| 9 (RLIN) | 12313 |
| 852 ## - Местоположение | |
| Форматна сигнатура | Цб М 1888 |
| Част | 0 |
| 856 4# - Електронен адрес и достъп | |
| Електронен формат | pdf - файл |
| Път до файла /url/ | |
| 856 4# - Електронен адрес и достъп | |
| Електронен формат | pdf - файл |
| Път до файла /url/ | |
| 942 ## - АРТИКУЛИ | |
| Вид на библиотечния материал | Нотни издания |
| Скрит в OPAC | Не |
| 944 ## - СЪЗДАВАНЕ И РЕДАКЦИЯ на ЗАПИСА | |
| Създаване/Редакция | Създаване |
| Дата на регистрацията/редакция | |
| Служител, извършил регистрацията/редакцията | |
| Статус, дата на статуса | CRON CRON |
| 944 ## - СЪЗДАВАНЕ И РЕДАКЦИЯ на ЗАПИСА | |
| Създаване/Редакция | Редакция |
| Дата на регистрацията/редакция | 16.01.2006 |
| Служител, извършил регистрацията/редакцията | |
| 999 ## - СИСТЕМНИ КОНТРОЛНИ НОМЕРА | |
| Koha biblionumber | 304204 |
| Koha biblioitemnumber | 304204 |
| Код за отписване | Код за изгубен артикул | Източник на класификационната схема | Код за повреда | Коз за рестрикции | Код за отдаване | Артикулен № | Име на библиотеката - собственик | Име на библиотеката, в която се намира в момента | Статус (Текущо местоположение) | Дата на вписване в системата | Местоположение - отдел | Цена в лева | Инвентарен номер | Систематично азбучна сигнатура | Баркод | Номер на екземпляра | Цена в евро | Служебна бележка | Служебен тип на артикула |
|---|---|---|---|---|---|---|---|---|---|---|---|---|---|---|---|---|---|---|---|
| Не е изгубен | Universal Decimal Classification | Не е повреден | само за читалня | ползва се в читалня | 655912 | Регионална библиотека "Любен Каравелов" Русе | Регионална библиотека "Любен Каравелов" Русе | Основен фонд - ползва се само за читалня | 2005-08-25 | Основен фонд - ползва се само за читалня | 3.00 | 170000003261 | Цб М 1888 | 170000003261 | 1 | 1.53 | Дост: DA Вид: А N: 21 Дата: 25.08.2005 | Нотни издания |